[Event "HUN-chT2 Breyer 1819"]
[Site "Hungary"]
[Date "2019.02.24"]
[Round "6.6"]
[White "Szanto, Levente"]
[Black "Molnar, Aurel"]
[Result "0-1"]
[WhiteElo "1876"]
[BlackElo "1626"]
[PlyCount "88"]
[EventDate "2018.10.28"]
[EventType "team-tourn"]
[EventRounds "9"]
[EventCountry "HUN"]
[SourceTitle "CBM 189 Extra"]
[Source "ChessBase"]
[SourceDate "2019.06.03"]
[SourceVersion "1"]
[SourceVersionDate "2019.06.03"]
[SourceQuality "1"]
[WhiteTeam "Paty"]
[BlackTeam "Torokbalint"]
[WhiteTeamCountry "HUN"]
[BlackTeamCountry "HUN"]

1. e4 c5 2. Nf3 e6 3. d4 cxd4 4. Nxd4 Nf6 5. Nc3 d6 6. Bg5 Be7 7. f4 Nc6 8. Qd2 h6 9. Bh4 Nxe4 10. Nxe4 Bxh4+ 11. g3 Be7 12. 0-0-0 d5 13. Nxc6 bxc6 14. Qc3 0-0 15. g4 Qb6 16. Ng3 Bf6 17. Qb3 Rb8 18. Qxb6 Rxb6 19. b3 g6 20. h4 e5 21. f5 a5 22. Be2 a4 23. Rdg1 e4 24. g5 Bd4 25. Rg2 Be3+ 26. Kd1 Bxf5 27. gxh6 Bd7 28. Nh5 c5 29. Rf1 f5 30. Nf4 Bxf4 31. Rxf4 Kh7 32. h5 Rg8 33. hxg6+ Rbxg6 34. Rxg6 Rxg6 35. Bh5 Rg1+ 36. Kd2 Rg2+ 37. Kc3 d4+ 38. Kc4 Rxc2+ 39. Kd5 Kxh6 40. Bf7 Kg5 41. Ke5 Rg2 42. bxa4 e3 43. Rf1 e2 44. Rh1 d3 0-1

[Event "HUN-chT2 Breyer 1819"]
[Site "Hungary"]
[Date "2019.02.10"]
[Round "5.11"]
[White "Benyeda, Monika"]
[Black "Molnar, Aurel"]
[Result "0-1"]
[WhiteElo "1361"]
[BlackElo "1626"]
[PlyCount "66"]
[EventDate "2018.10.28"]
[EventType "team-tourn"]
[EventRounds "9"]
[EventCountry "HUN"]
[SourceTitle "CBM 189 Extra"]
[Source "ChessBase"]
[SourceDate "2019.06.03"]
[SourceVersion "1"]
[SourceVersionDate "2019.06.03"]
[SourceQuality "1"]
[WhiteTeam "Vizugy"]
[BlackTeam "Torokbalint"]
[WhiteTeamCountry "HUN"]
[BlackTeamCountry "HUN"]

1. d4 Nf6 2. Nf3 g6 3. c3 Bg7 4. Bf4 d5 5. e3 0-0 6. Be2 b6 7. 0-0 Bb7 8. Nbd2 Nbd7 9. Qc2 Rc8 10. h3 c5 11. Bh2 Re8 12. Rac1 Ne4 13. Rfd1 f5 14. a3 e6 15. Ne5 Nxe5 16. Bxe5 Bxe5 17. dxe5 Qg5 18. Nf3 Qe7 19. c4 Red8 20. Qb3 Kg7 21. Rd3 Rd7 22. Ne1 Ba6 23. Rdd1 Rcd8 24. Bd3 dxc4 25. Qa4 cxd3 26. Qxa6 d2 27. Rc2 dxe1Q+ 28. Rxe1 Rd1 29. Rc1 Rxe1+ 30. Rxe1 Qc7 31. f4 Rd2 32. Qc4 Qd7 33. Qb3 b5 0-1

[Event "HUN-chT2 Breyer 1718"]
[Site "Hungary"]
[Date "2018.05.06"]
[Round "11.2"]
[White "Molnar, Aurel"]
[Black "Bokros, Albert"]
[Result "0-1"]
[WhiteElo "2181"]
[BlackElo "2480"]
[PlyCount "78"]
[EventDate "2017.09.24"]
[EventType "team-tourn"]
[EventRounds "11"]
[EventCountry "HUN"]
[SourceTitle "EXT 2021"]
[Source "ChessBase"]
[SourceDate "2020.10.23"]
[SourceVersion "1"]
[SourceVersionDate "2020.10.23"]
[SourceQuality "1"]
[WhiteTeam "Torokbalint"]
[BlackTeam "Biatorbagy"]
[WhiteTeamCountry "HUN"]
[BlackTeamCountry "HUN"]

1. d4 e6 2. c4 b6 3. Nf3 Bb7 4. g3 Bb4+ 5. Bd2 Bxf3 6. exf3 Bxd2+ 7. Qxd2 d5 8. Nc3 Ne7 9. cxd5 exd5 10. Bh3 0-0 11. 0-0 Nd7 12. Rfe1 Nf6 13. Re2 c6 14. Rae1 Ng6 15. Bf5 Qd6 16. Bxg6 hxg6 17. a3 b5 18. Re3 a5 19. Ne2 Nd7 20. Nf4 Nb6 21. R3e2 Nc4 22. Qc3 b4 23. axb4 axb4 24. Qd3 Rfb8 25. h4 Qf6 26. Kg2 Nd6 27. Nh3 Qf5 28. Qb3 Qf6 29. Qd3 Re8 30. Re5 Rxe5 31. Rxe5 Nc4 32. Re2 Qf5 33. Qb3 f6 34. Qxb4 Qd3 35. Re7 Nd2 36. Re3 Qf1+ 37. Kh2 Ra1 38. g4 Qh1+ 39. Kg3 Nf1+ 0-1

[Event "HUN-chT2 Breyer 0910"]
[Site "Hungary"]
[Date "2009.11.22"]
[Round "2"]
[White "Szendeff, Miklos"]
[Black "Molnar, Aurel"]
[Result "1-0"]
[WhiteElo "2067"]
[BlackElo "2224"]
[PlyCount "53"]
[EventDate "2009.11.08"]
[EventType "team-tourn"]
[EventRounds "11"]
[EventCountry "HUN"]
[SourceTitle "EXT 2011"]
[Source "ChessBase"]
[SourceDate "2010.11.26"]
[SourceVersion "1"]
[SourceVersionDate "2010.11.26"]
[SourceQuality "1"]
[WhiteTeam "Zsambek"]
[BlackTeam "Torokbalint"]
[WhiteTeamCountry "HUN"]
[BlackTeamCountry "HUN"]

1. e4 c5 2. Nf3 d6 3. c3 Nf6 4. Qc2 Bg4 5. d4 Bxf3 6. gxf3 cxd4 7. cxd4 Nbd7 8. Nc3 a6 9. Be3 g6 10. h4 Bg7 11. Qd2 e5 12. 0-0-0 0-0 13. Kb1 b5 14. Bh6 Nb6 15. Bxg7 Kxg7 16. f4 Qc7 17. h5 b4 18. fxe5 dxe5 19. hxg6 fxg6 20. Nd5 Nbxd5 21. exd5 a5 22. Rc1 Qd6 23. Rc6 Qxd5 24. Qh6+ Kh8 25. Bg2 Qg8 26. Rc7 Rae8 27. Bd5 1-0

[Event "HUN-chT2 Asztalos 0203"]
[Site "Hungary"]
[Date "2002.10.13"]
[Round "2"]
[White "Molnar, Aurel"]
[Black "Sebestyen, Balazs"]
[Result "1/2-1/2"]
[WhiteElo "2208"]
[BlackElo "2308"]
[PlyCount "80"]
[EventDate "2002.09.22"]
[EventType "team"]
[EventRounds "11"]
[EventCountry "HUN"]
[SourceTitle "EXT 2009"]
[Source "ChessBase"]
[SourceDate "2008.11.26"]
[SourceVersion "1"]
[SourceVersionDate "2008.11.26"]
[SourceQuality "1"]

1. d4 Nf6 2. c4 Nc6 3. Nc3 e5 4. d5 Ne7 5. e4 Ng6 6. h4 h5 7. Bg5 Bb4 8. Nge2 a5 9. a3 Bc5 10. Qd2 d6 11. f3 Ne7 12. 0-0-0 Nd7 13. Kb1 f6 14. Be3 Bxe3 15. Qxe3 Nc5 16. Nc1 Bd7 17. Nd3 Nxd3 18. Bxd3 Ng6 19. g3 Qe7 20. f4 Bg4 21. Rde1 Nf8 22. f5 Nd7 23. Na4 b6 24. Be2 Bxe2 25. Rxe2 0-0-0 26. b4 axb4 27. axb4 Kb7 28. c5 dxc5 29. bxc5 Nxc5 30. Nxc5+ Qxc5 31. Qxc5 bxc5 32. Rb2+ Kc8 33. Rc1 Kd7 34. Rxc5 Rb8 35. Rc3 Rxb2+ 36. Kxb2 Rb8+ 37. Rb3 Ra8 38. Ra3 Rb8+ 39. Rb3 Ra8 40. Ra3 Rb8+ 1/2-1/2

[Event "Cairnhill op 16th"]
[Site "Singapore"]
[Date "1998.12.24"]
[Round "7"]
[White "Chia, Chee Seng"]
[Black "Molnar, Aurel"]
[Result "1-0"]
[WhiteElo "2300"]
[BlackElo "2190"]
[PlyCount "93"]
[EventDate "1998.12.??"]
[EventType "swiss"]
[EventRounds "7"]
[EventCountry "SIN"]
[SourceTitle "EXT 2000"]
[Source "ChessBase"]
[SourceDate "1999.11.16"]
[SourceVersion "1"]
[SourceVersionDate "1999.11.16"]
[SourceQuality "1"]

1. e4 c5 2. Nf3 e6 3. d4 cxd4 4. Nxd4 Nf6 5. Nc3 d6 6. g4 h6 7. Rg1 Nc6 8. Nb3 a6 9. h4 h5 10. Bg5 hxg4 11. Rxg4 Be7 12. Rg1 Qc7 13. Qd2 Ne5 14. Be2 b5 15. f4 Nc4 16. Bxc4 bxc4 17. Nd4 Rb8 18. 0-0-0 e5 19. Nde2 Be6 20. Bxf6 Qb7 21. b3 cxb3 22. axb3 gxf6 23. f5 Bxb3 24. cxb3 Qxb3 25. Qa2 Qxa2 26. Nxa2 d5 27. Rxd5 Ba3+ 28. Kd1 Rb1+ 29. Nac1 Ke7 30. Rd3 Bxc1 31. Nxc1 Rc8 32. Kd2 Rb2+ 33. Ke3 Rcc2 34. Rh1 Rg2 35. Rh3 Rg1 36. Ne2 Rg2 37. Ng3 Kf8 38. Rc3 Kg7 39. Nh5+ Kf8 40. Rg3 Rbe2+ 41. Kd3 Rd2+ 42. Kc4 Rd4+ 43. Kc5 Rb2 44. Nxf6 Rb5+ 45. Kc6 Ke7 46. Nd5+ Kf8 47. Kd6 1-0

[Event "Cairnhill op 16th"]
[Site "Singapore"]
[Date "1998.12.23"]
[Round "6"]
[White "Molnar, Aurel"]
[Black "Tan, Malcolm"]
[Result "1/2-1/2"]
[WhiteElo "2190"]
[BlackElo "2205"]
[PlyCount "106"]
[EventDate "1998.12.??"]
[EventType "swiss"]
[EventRounds "7"]
[EventCountry "SIN"]
[SourceTitle "EXT 2000"]
[Source "ChessBase"]
[SourceDate "1999.11.16"]
[SourceVersion "1"]
[SourceVersionDate "1999.11.16"]
[SourceQuality "1"]

1. d4 d5 2. c4 c6 3. Nc3 Nf6 4. Nf3 dxc4 5. a4 Bf5 6. Ne5 e6 7. f3 Bb4 8. e4 Bxe4 9. fxe4 Nxe4 10. Bd2 Qxd4 11. Nxe4 Qxe4+ 12. Qe2 Bxd2+ 13. Kxd2 Qd4+ 14. Kc2 0-0 15. Nf3 Qf6 16. Qxc4 Nd7 17. Bd3 Nb6 18. Qe4 g6 19. h4 Qf5 20. Qxf5 gxf5 21. h5 h6 22. Rhg1 Nd5 23. g4 fxg4 24. Rxg4+ Kh8 25. Re1 Rg8 26. Rxg8+ Rxg8 27. Ne5 Rg2+ 28. Re2 Rg7 29. Rf2 Kg8 30. Be4 f5 31. Bxd5 cxd5 32. Kd3 Rg5 33. Kd4 Rxh5 34. Kc5 Kg7 35. Kd6 Kf6 36. Nd7+ Kg5 37. Kxe6 f4 38. Ne5 Rh3 39. Kxd5 h5 40. Kd4 Kf5 41. Nd3 Rh4 42. Rf3 Rg4 43. Nf2 Rg3 44. Rc3 Rxc3 45. bxc3 b6 46. c4 h4 47. Kd5 f3 48. Kd4 Kf4 49. Kd3 Kg3 50. Ke3 Kg2 51. Nd3 Kg3 52. Nf4 f2 53. Ne2+ Kg2 1/2-1/2